Unidad de documentación e información educativa
Gespeichert in:
| 1. Verfasser: | |
|---|---|
| Körperschaft: | |
| Format: | Text |
| Veröffentlicht: |
Panamá:
Ministerio de Educación
|
| Tags: |
Tag hinzufügen
Keine Tags, Fügen Sie den ersten Tag hinzu!
|
MARC
| LEADER | 00000 a a2200000 04500 | ||
|---|---|---|---|
| 001 | 20348 | ||
| 003 | |||
| 040 | |||
| 090 | |a 084700 | ||
| 100 | |a Botacio De Garces, Carniola | ||
| 110 | |a Panamá. Ministerio de Educación. Direción e Planeamiento Educativo | ||
| 245 | |a Unidad de documentación e información educativa | ||
| 260 | |a Panamá: |b Ministerio de Educación | ||
| 300 | |a 9 p. | ||
| 999 | |c 5823 |d 5823 | ||
